| 000 | 00395nam a22001337a 4500 | ||
|---|---|---|---|
| 999 |
_c124738 _d124738 |
||
| 008 | 160428b xxu||||| |||| 00| 0 eng d | ||
| 050 | _aBX3701.92 1983 M6 | ||
| 100 |
_aKolvenbach, Peter-Hans _924179 |
||
| 245 |
_aA Most pleasant mission _c/ Peter-Hans Kolvenbach S.J. |
||
| 260 |
_as.l _bParay-le-Monial _c1988 |
||
| 300 |
_a121p.; _c21cm. |
||
| 650 |
_aJesuits _924180 _xReligious life |
||
| 942 |
_2lcc _cMONOGRAPH |
||